Catálogo

Vista normal Vista MARC

Entrada Personal Name

Número de registros utilizados en: 1

001 - CONTROL NUMBER

  • control field: 7427

003 - CONTROL NUMBER IDENTIFIER

  • control field: DLC

005 - DATE AND TIME OF LATEST TRANSACTION

  • control field: 20230519093725.0

008 - FIXED-LENGTH DATA ELEMENTS

  • fixed length control field: 820115n| acannaab |n aaa

010 ## - LIBRARY OF CONGRESS CONTROL NUMBER

  • LC control number: 81140292

035 ## - SYSTEM CONTROL NUMBER

  • System control number: (DLC)n 81140292

040 ## - CATALOGING SOURCE

  • Original cataloging agency: DLC
  • Transcribing agency: Mx-PuUPA
  • Modifying agency: Mx-PuUPA
  • Language of cataloging: spa
  • Description conventions: rda

046 ## - SPECIAL CODED DATES

  • Birth date: 1905

100 1# - HEADING--PERSONAL NAME

  • Personal name: Meinvielle, Julio,
  • Dates associated with a name: 1905-

370 ## - ASSOCIATED PLACE

  • Place of birth: Buenos Aires
  • Associated country: Argentina

372 ## - FIELD OF ACTIVITY

  • Field of activity: Filosofía
  • Field of activity: Teología

374 ## - OCCUPATION

  • Occupation: Filósofo tomista
  • Occupation: Ideólogo antisemita
  • Occupation: Teólogo
  • Occupation: Autor

375 ## - GENDER

  • Gender: hombre

377 ## - ASSOCIATED LANGUAGE

  • Language code: spa
  • Source of code: MARC code list for languages

670 ## - SOURCE DATA FOUND

  • Source citation: Author's Concepción católica de la política, 1932.

670 ## - SOURCE DATA FOUND

  • Source citation: Corbi, G. D. Tres maestros, 1980:
  • Information found: t.p. (Meinvielle) p. 4 of cover (Julio Meinvielle, 1905-1973)

670 ## - SOURCE DATA FOUND

  • Source citation: Gran encic. arg.
  • Information found: (Meinvielle, Julio; b. Buenos Aires 8/31/1905)

670 ## - SOURCE DATA FOUND

  • Source citation: El comunismo en la revolución anticristiana, 1964:
  • Information found: portada (Meinvielle, Julio)

670 ## - SOURCE DATA FOUND

  • Source citation: Biblioteca del congreso (Estados Unidos), 05 junio 2018:
  • Information found: catálogo electrónico
  • Uniform Resource Identifier: https://goo.gl/HUP3o7